Written contributions of selected accounting practitioners.

Saved in:
Bibliographic Details
Corporate Author: University of Illinois at Urbana-Champaign. Center for International Education and Research in Accounting
Format: Serial
Language:English
Published: Urbana, Ill., Center for International Education and Research in Accounting, University of Illinois, c1976-
Subjects:
LEADER 00991nas a2200253 4500
001 c000151173
003 CARM
005 20020205155201.0
008 781205c19769999iluuu m 0uuua0eng d
010 |a sn 84011248 
019 1 |a 3274119  |5 LACONCORD2021 
035 |a (OCoLC)4418960  |5 LACONCORD2021 
042 |a nst 
245 0 0 |a Written contributions of selected accounting practitioners. 
260 0 1 |a Urbana, Ill.,  |b Center for International Education and Research in Accounting, University of Illinois,  |c c1976- 
300 |a v.  |b ill.  |c 23 cm. 
362 0 |a v. 1- 
650 0 |a Accounting. 
710 2 0 |a University of Illinois at Urbana-Champaign.  |b Center for International Education and Research in Accounting 
852 8 |b CARM  |h A2:AI14C0  |i B04583  |p 0205420  |f SE 
866 0 |a 1-3 
866 0 |a 1-3 
999 f f |i 529f768e-ab5b-51ea-8d9e-aa9e5b2f071b  |s 6352c0ed-f06c-5701-a043-93d8c0b9b521 
952 f f |p Can circulate  |a CAVAL  |b CAVAL  |c CAVAL  |d CARM 1 Store  |e B04583  |f A2:AI14C0  |h Other scheme  |i book  |k 1-3  |m 0205420